[Event "Bucharest Revolution Memorial"]
[Site "Bucharest"]
[Date "2004.12.15"]
[Round "1"]
[White "Nanu, Ciprian Costica"]
[Black "Petre, Gheorghe"]
[Result "1-0"]
[WhiteElo "2459"]
[BlackElo "2100"]
[PlyCount "75"]
[EventDate "2004.12.15"]
[EventType "swiss"]
[EventRounds "9"]
[EventCountry "ROU"]
[SourceTitle "CBM 104 Extra"]
[Source "ChessBase"]
[SourceDate "2005.03.01"]
[SourceVersion "1"]
[SourceVersionDate "2005.03.01"]
[SourceQuality "1"]

1. e4 c6 2. d4 d5 3. e5 Bf5 4. Nf3 e6 5. Be2 c5 6. 0-0 Nc6 7. Nbd2 Qc7 8. c4 Nge7 9. dxc5 d4 10. Qa4 Rd8 11. b4 a5 12. a3 Qd7 13. b5 Nb8 14. Bb2 d3 15. Bd1 Ng6 16. c6 bxc6 17. Nd4 cxb5 18. cxb5 Ne7 19. Nc4 Nd5 20. Nxf5 exf5 21. Re1 Nc7 22. Nd6+ Bxd6 23. exd6+ Ne6 24. Bxg7 Rg8 25. Bf6 Rc8 26. Be5 Qb7 27. g3 Nd7 28. Bf4 Ndc5 29. Qxa5 Kd7 30. Be3 f4 31. Bxf4 Rce8 32. Bd2 h5 33. Qb4 Qd5 34. Rc1 Kxd6 35. Rxe6+ Rxe6 36. Bb3 Qf5 37. Qd4+ Ke7 38. Rxc5 1-0

[Event "Bucharest Revolution Memorial"]
[Site "Bucharest"]
[Date "2003.12.??"]
[Round "?"]
[White "Popa, Constantin Liviu"]
[Black "Petre, Gheorghe"]
[Result "0-1"]
[WhiteElo "2036"]
[BlackElo "2077"]
[PlyCount "90"]
[EventDate "2003.12.??"]
[EventType "swiss"]
[EventRounds "7"]
[EventCountry "ROU"]
[SourceTitle "EXT 2008"]
[Source "ChessBase"]
[SourceDate "2007.11.25"]
[SourceVersion "1"]
[SourceVersionDate "2007.11.25"]
[SourceQuality "1"]

1. d4 c6 2. c4 d5 3. Nf3 Nf6 4. Nc3 e6 5. Bg5 Be7 6. e3 Nbd7 7. Rc1 Ne4 8. Nxe4 dxe4 9. Bxe7 Qxe7 10. Nd2 f5 11. c5 0-0 12. g3 e5 13. Nc4 exd4 14. Qxd4 Nxc5 15. Nd6 Nd7 16. Bc4+ Kh8 17. h4 Ne5 18. Be2 b6 19. 0-0 Ba6 20. Nc4 Bxc4 21. Rxc4 Nxc4 22. Bxc4 Rad8 23. Qc3 Qf6 24. Qxf6 Rxf6 25. a4 Rd2 26. b3 Rfd6 27. f3 Rd1 28. fxe4 Rxf1+ 29. Kxf1 fxe4 30. Kg2 Rf6 31. Be2 g6 32. g4 Kg7 33. Kg3 Kf8 34. g5 Rf7 35. h5 Ke7 36. Kg4 Rf5 37. Bc4 Rf3 38. Bg8 gxh5+ 39. Kxh5 Kf8 40. Bxh7 Rxe3 41. Bf5 Kg7 42. Be6 Rg3 43. Kh4 Rg1 44. Bg4 e3 45. Bf3 Rg2 0-1